00573cam a22001813a 450000100060000000300060000600500170001200800410002904000150007004200070008510000390009224501100013126000290024150600300027051600200030083000290032085600420034942745PGUSA20140828083952.0130520s2013||||xxu|||||s|||||000 | eng d aPGUSAbeng adc1 aWinnecke, Friedrich August Theodor10aGauss :bEin Umriss seines Lebens und Wirkensh[electronic resource] /cFriedrich August Theodor Winnecke bProject Gutenberg,c2013 aPublic domain in the USA. aElectronic text 0aProject Gutenbergv4274540uhttp://www.gutenberg.org/ebooks/42745